Responses for Show #4761 - Monday, April 25, 2005

2005 Ultimate Tournament of Champions Round 2, game 9.

Contestants

[<< previous game]

Steve Newman, a partner in a small computer company from Rockville, Maryland

Matt Zielenski, a research analyst originally from Broadview Heights, Ohio

Robin Carroll, an instructional designer from Marietta, Georgia

[next game >>]

Jeopardy! Round responses

U.S. GOVERNMENT
TV TITLE REFERENCES
POTENT POTABLES
THE ARTIST
FORMERLY KNOWN AS
"PRINCE"
    $200 1
veto

Matt</td>
    $200 12
Lost

Robin
    $200 28
vermouth

Steve
    $200 25
Andy Warhol

Steve
    $200 19
(Matt: What is Veterans Day?)
(Steve: What is Armistice Day?)

Memorial Day

RobinMatt</td>Steve
    $200 9
Princeton

Steve
    $400 2
No Child Left Behind

Robin
    $400 13
Desperate Housewives

Robin
    $400 27
KahlĂșa

Steve
    $400 21
the Nazis

Robin
    $400 20
rabies

Matt</td>
    $400 6
the Prince of Darkness

Robin
    $600 3
Al Gore

Robin
    $600 14
Smallville

Steve
    $600 26
(Steve: What is a... sidecar?)
...
(Alex: Take the bus and leave the driving to us.)

greyhound

Steve
Triple Stumper
    $600 11
(Frans) Hals

Matt</td>
    $1,600 22
Times Square

Robin
    $600 7
(Steve: What is the... Ocean Princess?)

the Pacific Princess

Steve
Triple Stumper
    $800 4
Alaska

Steve
    $800 17
The Medium

Matt</td>
    $800 29
schnapps

Matt</td>
    $800 15
Titian

Steve
    $800 23
Exxon

Steve
    $800 8
Port-au-Prince

Matt</td>
    $1000 5
FDIC (Federal Deposit Insurance Corporation)

Steve
    $1000 18
Jack & Bobby

Robin
    $1000 30
(Matt: What is chartreuse?)

Midori

Matt</td>
Triple Stumper
    $1000 16
(Benjamin) West

Matt</td>
    $1000 24
Suriname

Steve
    $1000 10
Prince Edward Island

Steve

Scores at the first commercial break (after clue 15):

Robin Matt</td> Steve
$2,000 $1,600 $3,800

Scores at the end of the Jeopardy! Round:

Robin Matt</td> Steve
$5,200 $3,400 $5,600

Double Jeopardy! Round responses

SCIENCE & NATURE
MUSICALS BEFORE & AFTER
PULITZER PRIZE-WINNING AUTHORS
CHESS
GOLLY "G"!
PRINCE
    $400 1
(Steve: What is viscosity?)

surface tension

Steve
Triple Stumper
    $400 15
Saturday Night Fever Blister

Steve
    $400 5
Alice Walker

Steve
    $400 26
fork

Matt</td>
    $400 28
grace

Steve
    $400 30
(Edward) the Black Prince

Matt</td>
    $800 2
(Steve: The stamen?)
(Alex: No.)
(Steve: What is the stamen?)
(Alex: No.)
...
(Alex: The egg cells are formed in [*].)

the ovary

Steve
Triple Stumper
    $800 20
Mamma Mia! Farrow

Robin
    $800 7
Thornton Wilder

Steve
    $800 27
(Steve: What is a gambit?)
(Matt: What is an opening?)
(Alex: Be more specific.)
(Matt: What is an opening move of the game?)

a defense

Matt</td>Steve
Triple Stumper
    $800 18
the Sea of Galilee

Steve
    $800 29
Bismarck

Matt</td>
    $1,000 3
(Gregor) Mendel

Matt</td>
    $1200 21
Hello, Dolly! Parton

Steve
    $1200 6
Bernard Malamud

Robin
    $1200 10
kingside

Steve
    $1200 14
the Golden Horde

Matt</td>
    $1200 19
Maria Luisa

Robin
    $1600 4
(Steve: What is the lever?)

the inclined plane

RobinSteve
    $1600 22
(Matt: What is Ziegfield Girl Scout Cookies?)

Funny Girl Scout

Matt</td>Steve
    $1600 8
Robert Penn Warren

Steve
    $1600 11
(Steve: What is checkmate?)
(Alex: Choo... Be more specific...)

fool's mate

Steve
    $1600 16
(Steve: What is a great-grandfather?)
(Robin: What is a grandfather?)

a grampus

RobinSteve
Triple Stumper
    $5,600 24
(Robin: Um... Who is... Prince, um, oh, I don't know, Cosmo de' Medici?)

Prince Henry (the Navigator, of Portugal)

Robin
    $2000 13
Taurus

Steve
    $2000 23
The King and I Am a Camera

Robin
    $2000 9
John Kennedy Toole

Steve
    $2000 12
Ruy Lopez

Matt</td>
    $2000 17
Philip Glass

Triple Stumper
    $2000 25
(Steve: Who is Ivan... no, who is Boris Godunov?)

Alexander Nevsky

Matt</td>Steve

Scores at the end of the Double Jeopardy! Round:

Robin Matt</td> Steve
$4,800 $8,800 $12,400

[wagering suggestions for these scores]

Final Jeopardy! Round responses

U.S. CITIES
(Alex: Robin, we start with you. Your Daily Double didn't work out a few minutes ago. Let's see if you came up with the correct response here. "What is Cinncinnatti?" Yes, that's right. You put a lot of "N"s in there, more than the city deserves, or more than it wants.)
...
(Alex: Steve is shaking his head. Why is that? Because he came up with the wrong response.)
RobinWhat is Cinncinnatti?
$4,799
Matt</td>What is Cincinnati
$801
SteveWhat is Council Bluffs
$5,201
Cincinnati

Final scores:

Robin Matt</td> Steve
$9,599 $9,601 $7,199
2nd place: $10,000 + $15,000 as a member of the Nifty Nine Winner: $20,000 + an advance to UToC Round 3 3rd place: $10,000

Game dynamics:

Coryat scores:

Robin Matt</td> Steve
$9,400 $9,000 $12,400
14 R
(including 1 DD),
2 W
(including 1 DD)
14 R
(including 1 DD),
4 W
23 R,
9 W

Combined Coryat: $30,800

[game clues] [game scores] [suggest correction]

Game tape date: 2005-03-23
The J! Archive is created by fans, for fans. Scraping, republication, monetization, and malicious use prohibited; this site may use cookies and collect identifying information. See terms. The Jeopardy! game show and all elements thereof, including but not limited to copyright and trademark thereto, are the property of Jeopardy Productions, Inc. and are protected under law. This website is not affiliated with, sponsored by, or operated by Jeopardy Productions, Inc. Join the discussion at JBoard.tv.